Quizzes
Events
Quiz Creation
Community
Videos
Private Events
Remove Ads
Sign In
Join for FREE
Feedback
Dark Mode
Quiz Categories
Sports
Geography
Music
Movies
Television
Just For Fun
Miscellaneous
History
Literature
Language
Science
Gaming
Entertainment
Religion
Holiday
For Kids
Quiz Lab
Recent
Popular Today
Quiz Kudos Today
Editor Picks
Curator Picks
Quizzes by...
Day
Popularity
Type
Ratings
Length
Year
Community
Subscriptions
Recent Discussions
Orange Saloon
Badges
Playlists
Quests
Create
Leaderboards
Showdown
Live 5
Trivia Bingo
Activity
Puzzle Library
Sporcle Events
Private Events
Virtual Trivia
Globe League
Become a Host
Pub Owners
SporcleCon
Opinionation
Our Games
Videos
Blog
Mobile Apps
Partnerships
Remove Ads and Go Orange
Feedback
Sports
Athletes
MLB
NBA
NHL
NFL
Soccer
Sports Teams
WWE
NCAA
Football
Premier League
Basketball
Baseball
Hockey
Golf
Tennis
Cricket
Rugby
Auto Racing
Olympics
World Cup
Sports
Athletes
MLB
NBA
NHL
NFL
Soccer
Sports Teams
WWE
NCAA
Football
Premier League
Basketball
Baseball
Hockey
Golf
Tennis
Cricket
Rugby
Auto Racing
Olympics
World Cup
Random Quiz
Search Sporcle
×
Quiz Lab
Quiz Lab
Sports
Video
Type in answers that appear in a list
Type in answers that appear in a list
Classic
Best Score? Go Orange.
Botchamania Intro Video Stats
Can you name the individuals you see or hear during the Botchamania introduction video?
By
Pierce5000
2m
12 Questions
413 Plays
413 Plays
413 Plays
Comments
Comments
Give Quiz Kudos
Give Quiz Kudos
-
- Ratings
hide this ad
More Info
Replay
Link that replays current quiz
Next Quiz
Link to next quiz in quiz playlist
You Got
0%
They Got
Avg Score
63%
Avg Friend Score
Upgrade to see
Score Distribution
Jump to the score distribution portion of the page
Score
0/12
Timer
02:00
0
Plays Today
Hint
Answer
% Correct
I've been in the Danger Zone!
Randy Savage
85.5%
Hulk Hogan! We comin' for you *@%$#!
Booker T
84%
FAAAKK!!!
Iron Sheik
75.8%
Super .......! Super.......! Super......!
Super Dragon
70.5%
He got a bicycle!!!
Dusty Rhodes
70.2%
Yappapi!
Hulk Hogan
68.3%
Faaat A**es!!
Scott Steiner
63.2%
Notice the adjective, 'Play'.
Kevin Nash
62.7%
You wanna play '21'?
Jake Roberts
61.3%
Jeff Harvey
Mike Adamle
51.8%
Nevermind that $#!&. Here comes........!
Steve 'Mongo' McMichael
48.7%
So how much does dis guy weigh?
Art Donovan
23%
Quiz Playlist
Details
Report
Send in Message
Add To Playlist
More Info:
Name selected individuals you see or hear during the opening of Maffew's Botchamania videos. He began using the intro video with Botchamania 133.
Classic:
Type in answers that appear in a list
Quiz Source
Last Updated: Feb 16, 2017
Quiz Scoreboard
CHALLENGE
Sign Up to Join the Scoreboard
Show All
Scores
Hide
Comments
May contain spoilers
Recently Published
An Introduction to Baseball
by treessimontrees
Sports
5m
Movies - When Are They Set?
by FPL_Elf
Movies
5m
Popular People in 1961
by mucciniale
History
6m
More to Explore
Quiz From the Vault
Featured Blog Post
Where Did the Easter Bunny Come From?
hide this ad
You Might Also Like...
Tags
hear
Individual
intro
introduction
Video
Today's Top Quizzes in Sports
Browse Sports
hide this ad
Today's Top Quizzes in Video
Browse Video
Top Contributed Quizzes in Sports
1
Les meilleurs buteurs des matchs entre le PSG et l’OM
2
2022 World Cup Stars
3
FIFA Club World Cup Champions
4
Les entraîneurs de l'OM et du PSG au 21e siècle
5
Name the Premier League winners with different clubs
6
La finale Lions - Afrique du Sud 2021
7
Criteria MLB: Left Handed Sluggers
8
Les joueurs passés par le LOSC et le RC Lens
9
Players with Multiple 50 Home Run Seasons
10
MLB Players with Two .350 Batting Average Seasons
Explore More
Trending Topics
Kpop
Anime
Harry Potter
Crossword
NBA
Disney
Marvel
Soccer
NFL
Song
Pokémon
WWE
The Office
Puzzle
Country
hide this ad
More By:
Pierce5000
Quiz
Plays
Rating
Category
Featured
Created
Most Overall WWE Titles (excluding Hardcore Title)
8,169
4.73
Sports
Feb 28, 2012
Marvel Comics: Most appearances by NON-Avengers
3,373
4.65
Entertainment
Feb 26, 2012
Most WWE World Titles (WWE/World Heavyweight/Universal)
1,347
4.50
Sports
Feb 26, 2012
Most Wins at WrestleMania
447
5.00
Sports
Mar 14, 2012
Botchamania Intro Video
413
4.00
Sports
Feb 28, 2012
Go to Creator's Profile
Score Distribution
Quiz Creator Spotlight
Pierce5000
Follow
Send a Message
Quizzes Created
-
Created Quiz Play Count
-
More By This Creator
Popular Quizzes Today
1
Find the Countries of Europe - No Outlines Minefield
2
Find the US States - No Outlines Minefield
3
The Countries of the World
4
Popular People in 1961
5
US States
6
1-10 Letter E Words III
7
Find the US States
8
One Thing in Common: World Cities II
More Sports Quizzes
Champions League Goalscorers: Chelsea
Quiz Lab
Trending Quizzes
Risky Map Clicking: Least Populous States A-Z
1-10 Letter F Words
1-10 Letter G Words
One Thing in Common: United Kingdom
Risky Map Clicking: Next State Alphabetically
Recently Updated
Leaping Animals
pecheneg
Reality TV Shows (A-Z)
bhenderson79
Rickey Henderson's Hall of Fame Teammates
pecheneg
Champions League XIs: Arsenal
pecheneg
Quick Pick: Celebrities in WWE's Hall of Fame
aduchscher
A-Z Keypad Blitz II
pecheneg
Multiple Oscar Actors
pecheneg
Mystery Phrase Blitz: Oscar 'Best Actors'
pecheneg
F. Scott Fitzgerald Novels
LTH
Pick 3 Villains
ddd62291
Trending Topics
Marvel
Anime
Kpop
Disney
NBA
Crossword
Harry Potter
Country
Soccer
Song
The Office
Puzzle
NFL
Pokémon
WWE
Your Account Isn't Verified!
In order to create a playlist on Sporcle, you need to verify the email address you used during registration. Go to your
Sporcle Settings
to finish the process.
Report this User
Report this user for behavior that violates our
Community Guidelines
.
Details:
Send Report
Go to the Sporcle.com Mobile Site →
Comments